La educación física en las enseñanzas medias: teoría y práctica
Сохранить в:
| Главный автор: | |
|---|---|
| Формат: | |
| Язык: | испанский |
| Опубликовано: |
Barcelona
Paidotribo
1986
|
| Редактирование: | 2a. ed |
| Предметы: | |
| Метки: |
Добавить метку
Нет меток, Требуется 1-ая метка записи!
|
MARC
| LEADER | 00000nam a2200000 a 4500 | ||
|---|---|---|---|
| 001 | UCW3190 | ||
| 003 | CL-VaPUC | ||
| 005 | 20231108161452.0 | ||
| 008 | 880512e19860000SP |||||||||||||||||spa|d | ||
| 999 | |c 217328 |d 217326 | ||
| 040 | |c Pontificia Universidad Católica de Valparaíso | ||
| 082 | 0 | 4 | |a 372.86044 |b ARN |2 21 |
| 100 | 0 | |a Arnold Spaeth, Reek |e author |9 307308 | |
| 245 | 1 | 3 | |a La educación física en las enseñanzas medias: teoría y práctica |
| 250 | |a 2a. ed | ||
| 260 | |a Barcelona |b Paidotribo |c 1986 | ||
| 300 | |a 667 p | ||
| 583 | |a last modification |c 20170913 11:20:21 |k Rodrigo Vera | ||
| 650 | 0 | |a Educación física |9 240893 | |
| 650 | 0 | |a Métodos de enseñanza |9 270413 | |
| 650 | 0 | |a Educación media |9 499610 | |
| 650 | 0 | |a Deportes |9 224367 | |
| 942 | |c BK |2 ddc | ||
| 945 | |d 19880512 00:00:00 | ||
| 952 | |0 0 |1 0 |4 0 |6 372_860440000000000_ARN_1986 |7 0 |8 P |9 204608 |a BIBEDU |b BIBEDU |c BIBEDU_PB |d 2019-11-15 |i 2723905 |o 372.86044 ARN 1986 |p 2723905 |r 2024-01-25 |w 2019-11-15 |y BK |k EDU | ||